000 01243nam a2200277 a 4500
001 79468
003 BD-RjUL
005 20220228113823.0
008 220228s2020 bg ||||| |||| 00| 0 eng d
020 _a9847000004192
_c:Tk.250.00
035 _a(BD-RjUL)79468
040 _aBD-RjUL
_beng
_cBD-RjUL
041 _aben
082 _223
_a338.064
_bNUC 2020
100 _aনূরুজ্জামান, মোঃ
245 _aচতুর্থ শিল্পবিপ্লব দার্শনিক ভাবনা /
_cমোঃ নূরুজ্জামান
260 _aঢাকা :
_bজাতীয় সাহিত্য প্রকাশ,
_c২০২০
300 _a১২৮ পৃ.;
_c২২ সেমি.
650 _aপ্রযুক্তিগত উদ্ভাবন
_xঅর্থনৈতিক দিক
_91609
650 _aTechnological innovations
_xEconomic aspects
_91610
650 _aপ্রযুক্তিগত উদ্ভাবন
_xসামাজিক দিক
_91611
650 _aTechnological innovations
_xSocial aspects
_91612
650 _aপ্রযুক্তি এবং সভ্যতা
_91613
650 _aTechnology and civilization
_91614
942 _2ddc
_cBK
999 _c79468
_d79468